000 01379nam a2200217Ia 4500
003 Ost
005 20260507075029.0
008 260507s9999||||xx |||||||||||||| ||und||
040 _cfsecg
041 _aara
082 _a330
100 _aعطية، محمد عبد القادر
_eمؤلف
245 0 _aالتحليل الإقتصادي الجزئي بين النظرية والتطبيق /
_c محمد عبد القادر عطية
260 _aالإسكندرية:
_bالدار الجامعية,
_c2003
300 _a452 صفحة؛
_bإيضاحات ؛
_c23 سم
520 _aأسس التفكير الإقتصادي، نظرية الطلب ونظرية السواء (تحليل سلوك المستهلك)، تطبيقات على سلوك المستهلك، نظرية التفضيل المستبان ونظرية الإنتاج، نظرية التكاليف، تحليل سلوك المنشأة في ظل الإحتكار، تحليل سلوك المنشأة في سوق المنافسة الإحتكارية، إحتكار القلة والتكتلات الإحتكارية، نظرية المباريات والمنافسة القلة،إقتصاد المعلومات، إقتصاديات الرفاهية
653 _aالإقتصاد التحليلي
653 _aالإقتصاد الجزئي
653 _aالإقتصاد- نظريات
942 _cكتاب
999 _c42369
_d42369